Cîntece din Neghev. (Record no. 34024)

MARC details
000 -LEADER
fixed length control field 00505cam a22002051 4500
001 - CONTROL NUMBER
control field he 68003940
003 - CONTROL NUMBER IDENTIFIER
control field DLC
005 - DATE AND TIME OF LATEST TRANSACTION
control field 20260227111507.0
008 - FIXED-LENGTH DATA ELEMENTS--GENERAL INFORMATION
fixed length control field 861205s1967 is 000 0 rum
010 ## - LIBRARY OF CONGRESS CONTROL NUMBER
LC control number he 68003940
025 ## - OVERSEAS ACQUISITION NUMBER
Overseas acquisition number PL480:Is-6300
035 ## - SYSTEM CONTROL NUMBER
System control number (OCoLC)14928259
040 ## - CATALOGING SOURCE
Original cataloging agency DLC
Transcribing agency CLU
Modifying agency DLC
042 ## - AUTHENTICATION CODE
Authentication code premarc
050 00 - LIBRARY OF CONGRESS CALL NUMBER
Classification number PC840.28.O8
Item number C5
100 1# - MAIN ENTRY--PERSONAL NAME
Personal name Rosen, Theodor.
245 10 - TITLE STATEMENT
Title Cîntece din Neghev.
260 ## - PUBLICATION, DISTRIBUTION, ETC.
Place of publication, distribution, etc. [Tel Aviv]
Name of publisher, distributor, etc. V. Montaureanu,
Date of publication, distribution, etc. 1967.
300 ## - PHYSICAL DESCRIPTION
Extent 77 p.
Dimensions 17 cm.

No items available.

Powered by Koha